| 000 | 00878nam a2200313 i 4500 | ||
|---|---|---|---|
| 001 | 000000046 | ||
| 003 | DO-SdBNP | ||
| 005 | 20260321073647.0 | ||
| 006 | a||||gr|||| 00| 0 | ||
| 007 | ta | ||
| 008 | 260413e2003 dr 000 0 spa d | ||
| 020 | _a9583346438 | ||
| 040 |
_aDO-SdBNP _bspa _cBNPHU _erda |
||
| 041 | _aspa | ||
| 082 | 4 |
_a923.1 _bP933m _222 |
|
| 100 | 1 |
_a Bosch, Juan, _d1909-2001 _976555 |
|
| 245 | 1 | 0 | _aPresidentes y mandatarios de la República Dominicana |
| 264 | 1 |
_aSanto Domingo : _bCultural Hispanoamericana Santo Domingo, _c2003 |
|
| 300 |
_avolumen ; _c21 cm. |
||
| 336 |
_2rdacontent _atexto _btxt |
||
| 337 |
_2rdamedia _asin mediación _bn |
||
| 338 |
_2rdacarrier _avolumen _bnc |
||
| 490 | _aEnciclopedia Dominicana Siglo XXI | ||
| 505 | _t | ||
| 590 | _aInventariado 2026/DG | ||
| 600 |
_a, _9196 |
||
| 910 | _aDG | ||
| 942 |
_2ddc _cLBS1 |
||
| 999 |
_c60504 _d60504 |
||